000 01433nam0a22002891 4500
001 rc\3944107
005 20250611032534.0
021 _aRU
_b[55-11802]
035 _a(NLR Aleph) 008039990
090 _a8875051
_c8875051
100 _a20130415d1955 |||y0rusy50 ca
101 0 _arus
102 _aRU
105 _ay g |||||
200 1 _aСтаринные лесные культуры Свердловской области
_eСправочник
_fВсерос. о-во содействия охране природы и озеленению населенных пунктов. Свердл. обл.-гор. отд-ние
210 _aСвердловск
_cБ. и.
_d1955
215 _a44 с.
_d19
300 _aСост. указан на 2-й с.
300 _aКнига является ч. 1-й 2-го вып. 1-го т. справочника "Памятники природы Свердл. обл."
606 _aЛесные культуры, старинные
_yСвердловская область
_2psbo
700 1 _aЛуговых
_bП.В.
_gПавел Васильевич
_4220
712 0 2 _aВсероссийское о-во содействия охране природы и озеленению населенных пунктов. Свердл. обл. отд-ние
801 0 _aRU
_bNLR
_gpsbo
801 1 _aRU
_bELAR
_2rusmarc
852 _aNLR
_jС60 Г-6/294-1-2-1
942 _cBOOK
980 _aNB